Kyururu's Animal Alphabet - Statistics

General Stats
  • This quiz has been taken 17 times
  • The average score is 8 of 26
Answer Stats
Picture Hint Answer % Correct
D Dolphin
75%
C Cheetah
63%
H Heron
63%
K Koala
63%
A Atlas Moth
50%
E Elephant Seal
50%
Z Zebra
50%
O Osprey
38%
Q Quokka
38%
S Scarlet Macaw
38%
B Black-headed Python
25%
F Fallow Deer
25%
G Gouldian Finch
25%
I Indian Peafowl
25%
L Lorikeet
25%
R Red Kangaroo
25%
U Umbrella Cockatoo
25%
W West African Lion
25%
X Xerus
25%
J Jungle Carpet Python
13%
M Magellanic Penguin
13%
N Northern Gannet
13%
P Paraceratherium
13%
T Thylacine
13%
V Vulturine Guineafowl
13%
Y Yellow-rumped Cacique
13%
No matching quizzes found
Score Distribution
Percent of People with Each Score
Percentile by Number Answered
Your Score History
You have not taken this quiz